00515nam a2200145Ia 4500008004100000245013800041260001700179260000900196300000800205650002300213650001200236856002900248999001900277952007300296170516s9999 xx 000 0 und d aFolate-modified Chitosan Nanoparticles Containing the IP-10 Gene Enhance Melanoma-specific Cytotoxic CD8+CD28+ T Lymphocyte Responses bTheranostics c2016 a6:5 xMedical Technology xMedtech uhttp://www.thno.org/v6i5 c330271d330271 001040aCLbCLd2017-05-16l0r2017-05-16 00:00:00w2017-05-16yFOJ